The noble scholar, jurist, historian


 His Excellency Dr. Abdul Wahhab bin Ibrahim Abu Sulaiman, may Allah have mercy on him.


 He was born in Umm Al-Qura in the year 1356 AH.

فهرس معجم الطبراني الصغير ؛ (Record no. 13880)

MARC details
000 -LEADER
fixed length control field 01771cam a2200313 i 4500
003 - CONTROL NUMBER IDENTIFIER
control field SA-RiAUC
005 - DATE AND TIME OF LATEST TRANSACTION
control field 20260104133730.0
008 - FIXED-LENGTH DATA ELEMENTS--GENERAL INFORMATION
fixed length control field 251230s1983 su g i 00000 ara c
040 ## - CATALOGING SOURCE
Original cataloging agency SA-JeALM
Language of cataloging ara
Transcribing agency SA-RiAUC
Description conventions rda
050 00 - LIBRARY OF CONGRESS CALL NUMBER
Item number F33 1983
082 04 - DEWEY DECIMAL CLASSIFICATION NUMBER
Classification number 237.17016
Assigning agency SA-RiAUC
090 ## - LOCALLY ASSIGNED LC-TYPE CALL NUMBER (OCLC); LOCAL CALL NUMBER (RLIN)
Classification number (OCLC) (R) ; Classification number, CALL (RLIN) (NR) 237.17016
Local cutter number (OCLC) ; Book number/undivided call number, CALL (RLIN) س د ح
100 1# - MAIN ENTRY--PERSONAL NAME
Personal name السدحان، عبد العزيز بن محمد بن عبد الله،
Dates associated with a name 1380 هجري-
Relator term مؤلف.
245 10 - TITLE STATEMENT
Title فهرس معجم الطبراني الصغير ؛
Remainder of title فهرس جامع بيان العلم وفضله وماينبعي في روايته وحمله لابن عبد البر /
Statement of responsibility, etc. عبد العزيز بن محمد السدحان.
250 ## - EDITION STATEMENT
Edition statement الطبعة الأولى.
264 #1 - PRODUCTION, PUBLICATION, DISTRIBUTION, MANUFACTURE, AND COPYRIGHT NOTICE
Place of production, publication, distribution, manufacture الرياض :
Name of producer, publisher, distributor, manufacturer مكتبة دار اليقين،
Date of production, publication, distribution, manufacture, or copyright notice 1983
300 ## - PHYSICAL DESCRIPTION
Extent 24 + 9 صفحة ؛
Dimensions 24 سم
336 ## - CONTENT TYPE
Content type term نص
Content type code txt
Source rdacontent
Materials specified كتاب
337 ## - MEDIA TYPE
Media type term بدون وسيط
Media type code n
Source rdamedia
600 17 - SUBJECT ADDED ENTRY--PERSONAL NAME
Personal name ابن عبد البر، يوسف بن عبد الله بن محمد،
Dates associated with a name 368-463 هجري
Source of heading or term aucnm
600 17 - SUBJECT ADDED ENTRY--PERSONAL NAME
Personal name الطبراني، سليمان بن أحمد بن أيوب،
Dates associated with a name 260-360 هجري
Source of heading or term aucnm
650 #7 - SUBJECT ADDED ENTRY--TOPICAL TERM
Topical term or geographic name entry element الحديث
General subdivision كتب الطبراني
Form subdivision كشافات
Source of heading or term aucsh
650 #7 - SUBJECT ADDED ENTRY--TOPICAL TERM
Topical term or geographic name entry element الحديث
General subdivision جوامع الفنون
Form subdivision كشافات
Source of heading or term aucsh
650 #7 - SUBJECT ADDED ENTRY--TOPICAL TERM
Topical term or geographic name entry element الحديث
Form subdivision كشافات
Source of heading or term aucsh
700 12 - ADDED ENTRY--PERSONAL NAME
Relationship information كشاف لـ :
Personal name ابن عبد البر، يوسف بن عبد الله بن محمد،
Dates associated with a name 368-463 هجري.
Title of a work جامع بيان العلم وفضله وماينبعي في روايته وحمله
700 12 - ADDED ENTRY--PERSONAL NAME
Relationship information كشاف لـ :
Personal name الطبراني، سليمان بن أحمد بن أيوب،
Dates associated with a name 260-360 هجري.
Title of a work المعجم الصغير
942 ## - ADDED ENTRY ELEMENTS (KOHA)
Source of classification or shelving scheme Dewey Decimal Classification
Koha item type Books
Suppress in OPAC No
949 ## - LOCAL PROCESSING INFORMATION (OCLC)
a SA-JeALM
d 251230
u osman123
n 1
Holdings
Withdrawn status Lost status Source of classification or shelving scheme Damaged status Not for loan Home library Current library Date acquired Total checkouts Full call number Barcode Date last seen Price effective from Koha item type
    Dewey Decimal Classification     DR AbdElwahab Library DR AbdElwahab Library 01/04/2026   237.17016 س د ح 000022222 01/04/2026 01/04/2026 Books